Statistics for All Flying Type Moves

Click here to take the quiz!

General Stats

  • This quiz has been taken 58 times
  • The average score is 19 of 26

Answer Stats

CatagoryAnswer% Correct
PhysicalWing Attack
94%
PhysicalBrave Bird
92%
PhysicalFly
92%
PhysicalPeck
92%
PhysicalSky Attack
90%
PhysicalAerial Ace
87%
PhysicalDrill Peck
85%
SpecialGust
85%
SpecialHurricane
85%
StatusRoost
83%
SpecialAir Slash
81%
SpecialAeroblast
79%
SpecialAir Cutter
79%
PhysicalBounce
77%
StatusFeather Dance
77%
StatusTailwind
73%
PhysicalAcrobatics
71%
PhysicalSky Drop
65%
PhysicalDragon Ascent
56%
PhysicalBeak Blast
52%
SpecialChatter
48%
StatusMirror Move
48%
StatusDefog
46%
PhysicalPluck
46%
Z-MoveSupersonic Skystrike
42%
SpecialOblivion Wing
33%

Score Distribution

Percentile by Number Answered

Percent of People with Each Score

Your Score History

You have not taken this quiz